00333nam a2200121Ia 4500008004100000040001700041041001200058082001400070100002300084245005500107260003800162300001100200230917s9999||||xx |||||||||||||| ||und|| e217897aMAIN aEnglish aB R137R:S aRangarajan, Mahesh 0aSelected works of C Rajagopalachari. V1: 1907-1921 aNew DelhibOrient Blackswanc2014 a432 p.